Score 0/100 Timer 10:00
0 Plays Today
Kanji Answer % Correct
Hold
98.3%
Strike
96.7%
Finger
96.7%
Challenge
95%
Brandish
93.3%
Touch
90%
Nose
88.3%
Mould
88.3%
Beckon
86.7%
Sketch
86.7%
Imminent
85%
Damage
85%
Suck
85%
History
85%
Clap
83.3%
Foothold
83.3%
Contraption
83.3%
Genius
83.3%
Punish
81.7%
Exist
81.7%
Portable
81.7%
Hang
80%
Lumber
80%
Pair
80%
Angry
80%
Friend
80%
Shouldering
78.3%
Maneuver
78.3%
Guy
78.3%
Polish
76.7%
Tinker With
76.7%
Stiff
76.7%
Safeguard
76.7%
Suspicious
73.3%
Kanji Answer % Correct
Seize
71.7%
Branch
71.7%
Loneliness
71.7%
Anti-
71.7%
Slope
71.7%
Pinch
70%
Pick Up
70%
Thigh
70%
Claw
70%
Milk
70%
Grow Late
68.3%
Throw
68.3%
Husk
68.3%
Skill
68.3%
Plank
68.3%
Vegetable
68.3%
Kidnap
66.7%
From
66.7%
Lightly
66.7%
Criticism
65%
Suppose
65%
Mulberry
65%
Limb
65%
Return
65%
Love
65%
Fasten
63.3%
Lewd
63.3%
Wide
63.3%
Arrest
61.7%
Discard
61.7%
Handle
61.7%
Floating
61.7%
Drown
58.3%
Stalk
58.3%
Kanji Answer % Correct
Unclear
58.3%
Pay
58.3%
Property
56.7%
Length
56.7%
Leader
56.7%
Clear The Land
55%
Officer
55%
Hoist
53.3%
Propose
53.3%
Bough
53.3%
Conjecture
51.7%
Accept
51.7%
Commandment
50%
Uncle
50%
Put Up A Notice
48.3%
Make Headway
48.3%
Reach Out
48.3%
Vessels
48.3%
Gentle
45%
Slip Out
43.3%
Or Again
41.7%
Marketing
40%
Pick
40%
Spiny
38.3%
Beat
36.7%
Establishment
35%
Coach
33.3%
Hooked
31.7%
Graceful
30%
Exhort
23.3%
Grab
23.3%
Impart
23.3%
Remove Ads.
Support Sporcle.
Get the best of Sporcle when you Go Orange. This ad-free experience offers more features, more stats, and more fun while also helping to support Sporcle. Thank you for becoming a member.

You're not logged in!

Compare scores with friends on all Sporcle quizzes.
OR
Log In

Sporcle TV

Today on Sporcle TV


Watch our educational content, quiz creation guides, and fun videos on Sporcle TV.

Show Comments

Extras

Created May 14, 2020ReportNominate
Tags:Japanese Quiz, 800, kanji, Learn, Revise

Top Quizzes Today


Score Distribution

Paid Content

Your Account Isn't Verified!

In order to create a playlist on Sporcle, you need to verify the email address you used during registration. Go to your Sporcle Settings to finish the process.

Report this User

Report this user for behavior that violates our Community Guidelines.

Details: